000 00323pab a2200145 454500
008 180718b1995 xxu||||| |||| 00| 0 eng d
100 _aSahay, S.
245 _aCut to size
260 _c1995
300 _ap.12
362 _a24 Jul
650 _aElection officials - India
773 _aHindustan Times
909 _a29867
999 _c29867
_d29867